| 000 | 00665nam a2200229 a 4500 | ||
|---|---|---|---|
| 001 | BRL_349 | ||
| 005 | 20190320210711.0 | ||
| 008 | 310713s1991----mx-#######---#000-0#spa-# | ||
| 020 | _a9682933099 | ||
| 041 | _aspa | ||
| 044 | _amx | ||
| 050 | 4 |
_aF1281 _bM45 1991 |
|
| 100 | 1 |
_aMeléndez Piceno, J. Ángel _923621 |
|
| 245 | 1 | 0 |
_aTradiciones decembrinas guanajuatenses _cJ. Ángel Meléndez Piceno. |
| 260 |
_aMéxico _bDirección General de Culturas Populares _c1991 |
||
| 300 |
_a60 p. _c21 cm. |
||
| 500 | _aAu2370 | ||
| 650 | 1 | 4 |
_aCelebraciones _zGuanajuato _923622 |
| 651 | 4 |
_aGuanajuato _xVida social y costumbres _923623 |
|
| 902 | _aGRL | ||
| 942 |
_2lcc _cB |
||
| 999 |
_c9162 _d9162 |
||